| 000 | 00527cam a22002171 4500 | ||
|---|---|---|---|
| 001 | sa 64005348 | ||
| 003 | DLC | ||
| 005 | 20260227112031.0 | ||
| 008 | 890627s1963 ii 000 0 hino | ||
| 010 | _asa 64005348 | ||
| 035 | _a(OCoLC)19933814 | ||
| 040 |
_aDLC _cWaU _dDLC |
||
| 042 | _apremarc | ||
| 050 | 0 | 0 |
_aPK2098.D3 _bZ78 1963 |
| 100 | 1 |
_aMahendra, Rāmacaraṇa, _d1919- |
|
| 245 | 1 | 0 | _aSeṭha Govindadāsa. |
| 260 | _c1963. | ||
| 300 |
_a7, 332 p. _c19 cm. |
||
| 500 | _aIn Hindi. | ||
| 600 | 1 | 0 | _aDas, Govinda. |
| 999 |
_c59068 _d59068 |
||